[Event "Challenge"]
[Site "http://www.queenalice.com/game.php?id=1345030"]
[Date "2015.3.2"]
[Round "-"]
[White "masam2014"]
[Black "BossHaar"]
[Result "0-1"]
[WhiteElo "1559"]
[BlackElo "2085"]

1. d4 d5 2. c4 c6 3. Nc3 Bg4 4. h3 Bh5 5. g4 Bg6 6. cxd5 cxd5 7. Bg2 e6 8. Nf3
Nc6 9. a3 h6 10. O-O Nf6 11. b4 Be7 12. Bb2 O-O 13. Nh2 a6 14. f4 Qd7 15. e4
dxe4 16. Nxe4 Nxe4 17. Bxe4 Bxe4 18. Re1 Qd5 19. f5 exf5 20. gxf5 Bxf5 21. Qh5
Bd6 22. Rf1 Qb3 23. Qxf5 Qg3+ 24. Kh1 Qxh2# 0-1

[Event "Challenge"]
[Site "http://www.queenalice.com/game.php?id=1345031"]
[Date "2015.3.2"]
[Round "-"]
[White "BossHaar"]
[Black "masam2014"]
[Result "1-0"]
[WhiteElo "2104"]
[BlackElo "1478"]

1. e4 e5 2. f4 exf4 3. Nf3 Be7 4. Bc4 Bh4+ 5. g3 fxg3 6. O-O gxh2+ 7. Kxh2 Nf6
8. Nxh4 O-O 9. d3 h6 10. Rg1 Kh7 11. Nf5 g5 12. Bxg5 hxg5 13. e5 Ng8 14. Qh5+
Nh6 15. Qxh6+ Kg8 16. Qg7# 1-0

[Event "Hagel"]
[Site "http://www.queenalice.com/game.php?id=1350840"]
[Date "2015.3.31"]
[Round "4"]
[White "BossHaar"]
[Black "Hagel"]
[Result "0-1"]
[WhiteElo "2060"]
[BlackElo "2268"]

1. e4 c5 2. Nf3 Nc6 3. c3 d5 4. Bb5 dxe4 5. Bxc6+ bxc6 6. Ne5 Qd5 7. d4 Ba6 8.
Ng4 Nf6 9. Ne3 Qd6 10. dxc5 Qxc5 11. b3 Rd8 12. Qc2 Bd3 13. Qb2 g6 14. b4 Qh5
15. h3 Bg7 16. a4 O-O 17. Ra2 Nd5 18. g4 Qe5 19. Nxd5 Qxd5 0-1

[Event "Argentina"]
[Site "http://www.queenalice.com/game.php?id=1355111"]
[Date "2015.4.23"]
[Round "-"]
[White "BossHaar"]
[Black "aledibattista"]
[Result "1/2-1/2"]
[WhiteElo "2038"]
[BlackElo "2158"]

1. d4 Nf6 2. c4 g6 3. Nc3 Bg7 4. Nf3 O-O 5. g3 d6 6. Bg2 Nbd7 7. O-O e5 8. dxe5
dxe5 9. e4 c6 10. b3 Qe7 11. Bb2 b6 12. Qc2 Bb7 13. Rad1 Rfd8 14. Rfe1 Nf8 15.
Nxe5 Qxe5 16. Nd5 Qe6 17. Nc7 Qe7 18. Nxa8 Bxa8 19. Rxd8 Qxd8 20. e5 N6d7
1/2-1/2

[Event "AUTO-MASTER-2199"]
[Site "http://www.queenalice.com/game.php?id=1359906"]
[Date "2015.5.16"]
[Round "2"]
[White "serrato987"]
[Black "BossHaar"]
[Result "1/2-1/2"]
[WhiteElo "2128"]
[BlackElo "2010"]

1. d4 Nf6 2. c4 e6 3. Nc3 c5 4. Nf3 Be7 5. e4 d6 6. d5 exd5 7. exd5 O-O 8. Bd3
Re8 9. O-O Bg4 10. h3 Bh5 11. Bf4 Nbd7 12. Re1 Bf8 13. Ne4 Bxf3 14. Qxf3 Ne5 15.
Bxe5 dxe5 16. Qf5 Nxe4 17. Rxe4 g6 18. Rg4 Bg7 19. Qg5 Qxg5 20. Rxg5 e4 21. Bc2
f5 22. Rg3 Bxb2 23. Rb1 Be5 24. Re3 b6 25. Kf1 Bd4 26. Re2 Rad8 27. Rb3 Re7 28.
a4 Rd6 29. g4 Kf7 30. gxf5 gxf5 31. f3 Rf6 32. Ke1 e3 33. Rg2 h6 34. Ke2 Kf8 35.
Rb1 Rg7 36. Rbg1 Rxg2+ 37. Rxg2 f4 38. Rg4 Kf7 39. h4 Be5 1/2-1/2

[Event "AUTO-MASTER-2199"]
[Site "http://www.queenalice.com/game.php?id=1359907"]
[Date "2015.5.16"]
[Round "2"]
[White "BossHaar"]
[Black "serrato987"]
[Result "0-1"]
[WhiteElo "1999"]
[BlackElo "2115"]

1. e4 e5 2. f4 d5 3. exd5 e4 4. Nc3 Nf6 5. d3 Bb4 6. Bd2 O-O 7. dxe4 Re8 8. e5
Bxc3 9. Bxc3 Nxd5 10. Qd2 Nc6 11. O-O-O Be6 12. Bc4 Nce7 13. Bb3 c6 14. Qf2 Bf5
15. Ne2 a5 16. a3 Qc7 17. Bd2 c5 18. Bxa5 Rxa5 19. Bxd5 b5 20. Nc3 b4 21. Nb1
bxa3 22. Nxa3 Rb8 23. Qe2 Nxd5 24. Rxd5 Qb7 25. Rhd1 Qxb2+ 26. Kd2 Rxa3 27. Ke1
Qb6 28. Qb5 h6 29. Qxc5 Qxc5 30. Rxc5 Rb2 31. Rc1 Rb4 32. g3 g5 33. Rd5 gxf4 34.
gxf4 Rxf4 35. Ke2 Bg4+ 0-1

[Event "AUTO-MASTER-2199"]
[Site "http://www.queenalice.com/game.php?id=1359912"]
[Date "2015.5.16"]
[Round "2"]
[White "BossHaar"]
[Black "SubRoger"]
[Result "0-1"]
[WhiteElo "2043"]
[BlackElo "2089"]

1. d4 d5 2. c4 c6 3. Nc3 Nf6 4. e3 g6 5. Bd3 Bg7 6. h3 O-O 7. Nf3 Re8 8. O-O
Nbd7 9. Re1 e6 10. Qc2 Nh5 11. cxd5 exd5 12. Bd2 f5 13. b4 a6 14. a4 Nhf6 15. b5
axb5 16. axb5 Rxa1 17. Rxa1 Ne4 18. Nh2 Nxd2 19. Qxd2 Nf6 20. Ra8 Qd6 21. bxc6
bxc6 22. Qa2 Bd7 23. Rxe8+ Bxe8 24. Na4 Ne4 25. f3 Nf6 26. e4 fxe4 27. fxe4 Qg3
28. Qe2 Bf7 29. e5 Nh5 30. Nc5 Nf4 31. Qf2 Nxh3+ 32. Kf1 Qxf2# 0-1

[Event "AUTO-MASTER-2199"]
[Site "http://www.queenalice.com/game.php?id=1359913"]
[Date "2015.5.16"]
[Round "2"]
[White "SubRoger"]
[Black "BossHaar"]
[Result "0-1"]
[WhiteElo "2134"]
[BlackElo "1988"]

1. e4 c6 2. Nf3 d5 3. exd5 cxd5 4. d4 Nf6 5. Bd3 Bg4 6. O-O e6 7. Bg5 Nbd7 8.
Nbd2 Be7 9. c3 O-O 10. h3 Bh5 11. Qc2 Bg6 12. Rfe1 Nh5 13. Bxe7 Qxe7 14. Nf1
Bxd3 15. Qxd3 Nf4 16. Qe3 Ng6 17. Ng3 Nf6 18. Rad1 b5 19. a3 a5 20. Qe2 Rfb8 21.
Ne5 Qc7 22. Nxg6 hxg6 23. Nf1 Ne4 24. Nd2 Nd6 25. Nb3 b4 26. axb4 axb4 27. Nc5
Ra2 28. Na6 Qc8 29. Nxb8 bxc3 30. Na6 cxb2 31. Nc5 b1=Q 32. Rxb1 Rxe2 33. Rxe2
Nf5 34. Reb2 Qc7 35. Rb8+ Kh7 36. R1b7 Qf4 37. Rxf7 Qxd4 38. Rff8 g5 39. Nxe6
Qa1+ 40. Kh2 Qe5+ 41. g3 Qxe6 42. Rbe8 Qd7 43. Rd8 Qe6 44. Rde8 Ne7 45. Rh8+ Kg6
46. h4 g4 47. Rhf8 d4 48. Rd8 Nf5 49. Rfe8 Qa2 50. Kg1 d3 51. Kg2 d2 0-1

[Event "AUTO-MASTER-2199"]
[Site "http://www.queenalice.com/game.php?id=1359914"]
[Date "2015.5.16"]
[Round "2"]
[White "BossHaar"]
[Black "jacconsultoria"]
[Result "0-1"]
[WhiteElo "2045"]
[BlackElo "2279"]

1. d4 Nf6 2. c4 c5 3. d5 e6 4. Nc3 exd5 5. cxd5 d6 6. e4 g6 7. f4 Qe7 8. Bd3 Bg7
9. Nf3 Bg4 10. O-O Nbd7 11. Nb5 O-O 12. Qb3 Bxf3 13. Rxf3 Nb6 14. Nxa7 Nbxd5 15.
exd5 Rxa7 16. Re3 Qc7 17. Bc4 Ng4 18. Re1 Bd4+ 19. Be3 Nxe3 20. Rxe3 Re8 21. Re1
Rxe3 22. Rxe3 Qe7 23. Kf2 b5 24. Be2 c4 25. Kf3 cxb3 26. Rxe7 bxa2 0-1

[Event "AUTO-MASTER-2199"]
[Site "http://www.queenalice.com/game.php?id=1359915"]
[Date "2015.5.16"]
[Round "2"]
[White "jacconsultoria"]
[Black "BossHaar"]
[Result "1-0"]
[WhiteElo "2274"]
[BlackElo "2052"]

1. e4 c6 2. d4 d5 3. f3 dxe4 4. fxe4 Nf6 5. Nc3 Bg4 6. Be2 Bxe2 7. Ngxe2 e6 8.
O-O Be7 9. Bf4 O-O 10. Qd2 Nbd7 11. Rad1 Qb6 12. Kh1 Bb4 13. Ng3 Rad8 14. a3
Bxc3 15. Qxc3 Rfe8 16. Bg5 h6 17. Bxf6 Nxf6 18. Rxf6 gxf6 19. Nh5 Kh8 20. Qf3 f5
21. Qg3 Rg8 22. Qe5+ Kh7 23. Nf6+ Kg6 24. Rd3 Qxb2 25. Rg3# 1-0

[Event "AUTO-MASTER-2325"]
[Site "http://www.queenalice.com/game.php?id=1370342"]
[Date "2015.7.7"]
[Round "1"]
[White "salso"]
[Black "BossHaar"]
[Result "0-1"]
[WhiteElo "1842"]
[BlackElo "2024"]

1. d4 Nf6 2. e3 d5 3. Bd3 Bg4 4. f3 Bh5 5. c4 c6 6. Nc3 e6 7. Bd2 Bd6 8. Nge2
Nbd7 9. O-O dxc4 10. Bxc4 Qc7 11. g3 Bg6 12. e4 Bb4 13. a3 Ba5 14. Rc1 O-O 15.
b4 Bb6 16. Kg2 a6 17. e5 Bxd4 18. exf6 Bxf6 19. Ne4 Bxe4 20. fxe4 Rad8 21. Be3
Ne5 22. Qb3 Nxc4 23. Qxc4 Rd7 24. Bf4 e5 25. Be3 Rfd8 0-1

[Event "AUTO-MASTER-2325"]
[Site "http://www.queenalice.com/game.php?id=1370343"]
[Date "2015.7.7"]
[Round "1"]
[White "BossHaar"]
[Black "salso"]
[Result "1-0"]
[WhiteElo "2015"]
[BlackElo "1851"]

1. e4 e5 2. f4 d6 3. Bc4 Nc6 4. Nf3 exf4 5. d4 g5 6. O-O Bg7 7. Bxf7+ Kxf7 8.
Nxg5+ Qxg5 9. Bxf4 Qg4 10. Be3+ Nf6 11. Nc3 Qxd1 12. Raxd1 a6 13. Nd5 Bg4 14.
Rd2 Rhc8 15. Rdf2 Kg8 16. Nxf6+ Bxf6 17. Rxf6 Rf8 18. c3 Rxf6 19. Rxf6 Rf8 20.
Rxf8+ Kxf8 21. Kf2 b5 22. Bf4 Kf7 23. Kg3 Bd1 24. e5 dxe5 25. Bxe5 1-0

[Event "AUTO-MASTER-2325"]
[Site "http://www.queenalice.com/game.php?id=1370358"]
[Date "2015.7.7"]
[Round "1"]
[White "sia"]
[Black "BossHaar"]
[Result "0-1"]
[WhiteElo "2166"]
[BlackElo "2013"]

1. g3 d5 2. Bg2 e5 3. d3 Bc5 4. Nf3 Nc6 5. O-O Nf6 6. Bg5 h6 7. Bxf6 Qxf6 8. Nc3
Be6 9. Na4 Bb6 10. Nxb6 axb6 11. a3 O-O 12. c3 Rfd8 13. Qc2 Rd6 14. e4 dxe4 15.
dxe4 Na5 16. Nd2 Nc4 17. Nxc4 Bxc4 18. Rfd1 Rad8 19. Qa4 b5 20. Qc2 Qg5 21. Rxd6
Rxd6 22. b3 Bd3 23. Qb2 Qg4 24. f3 Qd7 25. c4 bxc4 26. bxc4 Bxc4 27. Qxe5 Rd1+
28. Bf1 Bxf1 29. Rxd1 Qxd1 30. Qxc7 Be2+ 31. Kf2 Qf1+ 32. Ke3 Qxf3+ 33. Kd4 Qd3+
34. Ke5 Qb5+ 35. Kd6 Bf3 36. Qc8+ Kh7 37. Qf5+ Qxf5 38. exf5 f6 39. Ke6 Bg4 40.
h4 h5 41. a4 b6 42. Kd5 Bxf5 43. Kc6 Bc2 44. Kxb6 Bxa4 45. Kc5 Kg6 46. Kd5 Kf5
47. Kd6 Kg4 48. Ke6 Kxg3 49. Kf7 Kxh4 50. Kxg7 Kg5 51. Kf7 h4 52. Ke6 h3 53. Kd5
h2 54. Ke4 h1=Q+ 55. Kd4 Qc6 56. Kd3 Qc5 57. Ke4 Bc2+ 58. Kf3 Qe5 59. Kf2 Kg4
60. Kg2 Qe2+ 61. Kg1 Kg3 62. Kh1 Qe1# 0-1

[Event "AUTO-MASTER-2325"]
[Site "http://www.queenalice.com/game.php?id=1370359"]
[Date "2015.7.7"]
[Round "1"]
[White "BossHaar"]
[Black "sia"]
[Result "1-0"]
[WhiteElo "2018"]
[BlackElo "2155"]

1. e4 e5 2. f4 f6 3. Nf3 exf4 4. d4 g5 5. Bc4 Ne7 6. h4 g4 7. Nh2 g3 8. Qh5+ Ng6
9. Ng4 Qe7 10. Nc3 c6 11. Bxf4 f5 12. Bg5 Qb4 13. Nf6+ Kd8 14. Nd5+ Be7 15. Nxb4
f4 16. Bxe7+ Kxe7 17. O-O-O a5 18. Nbd5+ cxd5 19. Nxd5+ Kf8 20. Qh6+ Kf7 21.
Nxf4+ Ke8 22. Nxg6 Ra6 23. Bxa6 Nxa6 24. Rhf1 d6 25. Rf8+ Rxf8 26. Qxf8+ Kd7 27.
Ne5+ Kc7 28. Qe7+ Kb8 29. Nc4 d5 30. Nxa5 dxe4 31. Rf1 h5 32. Rf8 Nc7 33. Qb4
Ka7 34. Rxc8 b6 35. Rxc7+ Ka6 36. Rb7 bxa5 37. Qb6# 1-0

[Event "AUTO-MASTER-2325"]
[Site "http://www.queenalice.com/game.php?id=1370368"]
[Date "2015.7.7"]
[Round "1"]
[White "yclaudiu35"]
[Black "BossHaar"]
[Result "0-1"]
[WhiteElo "2044"]
[BlackElo "2039"]

1. e4 c6 2. Nf3 d5 3. exd5 cxd5 4. d4 h6 5. Nc3 e6 6. a3 a6 7. Bf4 Nf6 8. Ne5
Bd6 9. g4 Nbd7 10. Nxf7 Kxf7 11. Bxd6 Nb6 12. Be5 Rf8 13. g5 hxg5 14. Qf3 Kg8
15. Qg2 Nfd7 16. h4 Nxe5 17. dxe5 gxh4 18. Qg4 Rf5 19. f4 g5 20. fxg5 Rxg5 21.
Qxh4 Rxe5+ 22. Be2 Qxh4+ 23. Rxh4 Kf8 24. O-O-O Ke7 25. Rh7+ Kd6 26. Bf3 Bd7 27.
Ne4+ Kc6 28. Nc3 Rf8 29. Bg4 Rf4 30. Bh3 Kc5 31. b4+ Kd6 32. Bg2 Bc6 33. Kb2
Nc4+ 34. Kb3 Ne3 35. Rd2 Nxg2 36. Rxg2 d4 37. Rd2 Re3 38. Kb2 Rxc3 39. Rxd4+
Rxd4 40. Kxc3 Kd5 41. Rh5+ e5 42. Kb3 a5 43. c3 a4+ 44. Kc2 Re4 45. Kd3 Bb5+ 46.
Kd2 Re2+ 47. Kc1 Bd3 48. Rh8 b5 49. Rd8+ Kc4 50. Rc8+ Kb3 0-1

[Event "AUTO-MASTER-2325"]
[Site "http://www.queenalice.com/game.php?id=1370369"]
[Date "2015.7.7"]
[Round "1"]
[White "BossHaar"]
[Black "yclaudiu35"]
[Result "0-1"]
[WhiteElo "2033"]
[BlackElo "2066"]

1. e4 e5 2. f4 exf4 3. Nf3 g5 4. Bc4 d6 5. Nc3 Bg4 6. O-O Bg7 7. d4 Nc6 8. g3
Bxf3 9. Qxf3 Bxd4+ 10. Kh1 Ne5 11. Qe2 f3 12. Rxf3 Nxf3 13. Qxf3 Qf6 14. Qxf6
Bxf6 15. Nd5 Rc8 16. Nxf6+ Nxf6 17. Bxg5 Nd7 18. Rf1 Ne5 19. Bf6 O-O 20. Rf5 h6
21. Bb3 Kh7 22. Bxe5 dxe5 23. Rxe5 Kg6 24. g4 f6 25. Re7 Kg5 26. Be6 Rce8 27.
Rg7+ Kf4 28. Bf5 Rd8 29. Rxc7 Kf3 30. Rc3+ Kf2 31. h3 Rd1+ 32. Kh2 Rfd8 33. e5
fxe5 34. Be4 Re1 35. Rf3+ Ke2 36. Rd3 Rxd3 37. Bxd3+ Kf3 38. Bf5 e4 39. h4 Re2+
40. Kg1 Rxc2 41. g5 hxg5 42. h5 Rxb2 43. h6 g4 44. h7 Rb1+ 45. Kh2 g3+ 0-1

[Event "Challenge"]
[Site "http://www.queenalice.com/game.php?id=1376045"]
[Date "2015.8.7"]
[Round "-"]
[White "BossHaar"]
[Black "aledibattista"]
[Result "0-1"]
[WhiteElo "2024"]
[BlackElo "2154"]

1. e4 d6 2. d4 Nf6 3. Nc3 g6 4. Bc4 c6 5. Nf3 b5 6. e5 dxe5 7. dxe5 Qxd1+ 8.
Nxd1 Ne4 9. Bb3 Bg7 10. O-O O-O 11. c3 Bb7 12. e6 f5 13. Re1 Na6 14. Ng5 Nac5
15. Bc2 Nxg5 16. Bxg5 Bf6 17. Bh6 Rfd8 18. b4 Nd3 19. f4 Nxe1 0-1

[Event "Challenge"]
[Site "http://www.queenalice.com/game.php?id=1377422"]
[Date "2015.8.14"]
[Round "-"]
[White "colatina"]
[Black "BossHaar"]
[Result "1-0"]
[WhiteElo "1957"]
[BlackElo "2055"]

1. e4 c6 2. Nf3 d5 3. exd5 cxd5 4. a4 Bg4 5. Bb5+ Nd7 6. h3 Bh5 7. d4 e6 8. g4
Bg6 9. Ne5 a6 10. Bxd7+ Ke7 11. Bc6 Qc7 12. Nxg6+ hxg6 13. Bxd5 exd5 14. Nc3 Qd6
15. Qf3 Rd8 16. Bf4 Qe6+ 17. Kf1 Qc6 18. Re1+ Kd7 19. Qxd5+ Qxd5 20. Nxd5 Kc6
21. c4 b5 22. cxb5+ axb5 23. Nb4+ Bxb4 24. axb5+ Kxb5 25. Re5+ Kc4 26. b3+ Kxb3
27. Kg2 Nf6 28. Rb5 Rxd4 29. Be3 Kc4 30. Rxb4+ Kxb4 31. Bxd4 Rd8 32. Bxf6 gxf6
33. Rc1 Kb5 34. h4 Rh8 35. Kg3 Kb6 36. Rh1 Kc6 37. h5 g5 38. Rd1 f5 39. Rc1+ Kd5
40. Rc7 f6 41. Ra7 fxg4 42. Ra5+ Ke4 43. Kxg4 Rh6 44. Ra4+ Ke5 45. f3 Ke6 46.
Ra5 Rh8 47. Ra6+ Ke5 48. Ra7 Ke6 49. Rg7 Rh6 50. Rg6 Rh7 51. h6 Ke5 52. Kh5 Ke6
53. Rg7 Rxg7 54. hxg7 Kf7 55. Kh6 Kg8 56. Kg6 g4 57. fxg4 f5 58. Kxf5 Kxg7 59.
g5 Kf8 60. Kg6 Kg8 61. Kh6 1-0

[Event "artur59"]
[Site "http://www.queenalice.com/game.php?id=1380613"]
[Date "2015.8.31"]
[Round "5"]
[White "tariann"]
[Black "BossHaar"]
[Result "1-0"]
[WhiteElo "2165"]
[BlackElo "2035"]

1. e4 c6 2. d4 d5 3. Nc3 dxe4 4. Nxe4 Bf5 5. Ng3 Bg6 6. Nf3 e6 7. Be2 h6 8. O-O
Nf6 9. c4 Bd6 10. Ne5 Bh7 11. Qb3 Qc7 12. Be3 Nbd7 13. Nxd7 Qxd7 14. Rfd1 O-O
15. Nh5 Be7 16. Nxf6+ Bxf6 17. d5 Rfb8 18. d6 b6 19. Rd2 e5 20. Qd1 c5 21. Bg4
Qc6 22. d7 Rb7 23. Rd6 Qc7 24. Bxh6 Rd8 25. Qd5 Be4 26. Qd1 Be7 27. Rd2 gxh6 28.
Qe2 Bg6 29. Rad1 f5 30. Bh5 Kh7 31. Rd5 Qc6 32. Bxg6+ Qxg6 33. Rxe5 Rdxd7 34.
Rxd7 Rxd7 35. Rxe7+ Rxe7 36. Qxe7+ Qg7 37. Qxg7+ Kxg7 38. Kf1 Kf6 39. Ke2 Ke5
40. Ke3 f4+ 41. Kd3 Kf5 42. f3 h5 43. g3 fxg3 44. hxg3 Ke5 45. a3 a5 46. b3 Kf5
47. Ke3 Ke5 48. f4+ Ke6 49. Ke4 Kf6 50. f5 1-0